| 000 | 01132nam a22003377a 4500 | ||
|---|---|---|---|
| 003 | CHAP | ||
| 005 | 20220817043231.0 | ||
| 008 | 971013s1988 r 00010 d | ||
| 010 | _a69175 | ||
| 011 | _a70147 | ||
| 035 | _a79627 | ||
| 040 | _cCHAP | ||
| 090 | _aFolleto 11473 | ||
| 100 | 0 | 0 |
_aGoulart, Augusto César Pereira. _950107 |
| 245 | _aDoencas transmitidas por sementes de trigo en Mato Grosso do Sul e testes de laboratorio para identificao de Pyricularia oryzae Cav. em sementes de trigo | ||
| 260 |
_aDourados, Ms : _bEMBRAPA, _c1988 |
||
| 300 | _a25 p. | ||
| 500 | _a33-77 | ||
| 590 |
_aBATCH-UPD _b10 _c20130110 _lUCH01 _h0641 |
||
| 590 |
_aBATCH-UPD _b10 _c20130410 _lUCH01 _h0325 |
||
| 590 |
_aBATCH-UPD _b10 _c20130914 _lUCH01 _h1550 |
||
| 590 |
_aCONVERSION _b10 _c20130109 _lUCH01 _h1338 |
||
| 650 | 1 | 4 |
_aPyricularia oryzae. _993100 |
| 650 | 1 | 4 |
_aTrigo _xBrasil. _9114988 |
| 650 | 1 | 4 |
_aTrigo _xEnfermedades. _9115017 |
| 650 | 1 | 4 |
_aTrigo _xSemilla. _9115097 |
| 710 | 0 | _aEmpresa Brasileira de Pesquisa Agropecuaria. | |
| 901 | _aBK | ||
| 942 | _cFOLL | ||
| 949 |
_aFolleto 11473 _bBC _cFOLL _d-32516 _eTS1 _i79627 _si |
||
| 999 |
_c69175 _d69175 |
||